LEADER 01375nas 2200433 a 450 001 996209482703316 005 20231101152320.0 011 $a1878-4224 035 $a(CKB)954925476472 035 $a(CONSER) 80649668 035 $a(DE-599)ZDB2001442-9 035 $a(EXLCZ)99954925476472 100 $a19801030a19779999 uy a 101 0 $aeng 200 00$aProgress in nuclear energy$b[e-journal] 210 $aOxford ;$aElmsford, NY $cPergamon 215 $a1 online resource 300 $a"The international review journal covering all aspects of nuclear energy." 300 $aRefereed/Peer-reviewed 311 $aPrint version: Progress in nuclear energy (DLC)###80649668# (OCoLC)6883174 0149-1970 517 $aProgress in nuclear energy 531 $aPROG NUCL ENERGY 531 $aPROG NUCL ENERG 531 $aPROG NUCL E 531 $aPROG NUCLEAR ENERGY 531 $aPROGRESS IN NUCLEAR ENERGY NEW SERIES 531 0 $aProg. nucl. energy 531 $aPROG. NUCL. ENERGY 606 $aNuclear energy$vPeriodicals 606 $aNuclear engineering$vPeriodicals 608 $aPeriodicals. 615 0$aNuclear energy 615 0$aNuclear engineering 676 $a621.48/05 906 $aJOURNAL 912 $a996209482703316 920 $aexl_impl conversion 996 $aProgress in nuclear energy$91121181 997 $aUNISA LEADER 02052oam 2200649zu 450 001 9910164317303321 005 20230330223118.0 010 $a0-8031-5027-X 035 $a(CKB)3170000000043931 035 $a(SSID)ssj0001185739 035 $a(PQKBManifestationID)11654394 035 $a(PQKBTitleCode)TC0001185739 035 $a(PQKBWorkID)11211236 035 $a(PQKB)10324237 035 $a(EXLCZ)993170000000043931 100 $a20160829d1988 uy 101 0 $aeng 181 $ctxt 182 $cc 183 $acr 200 00$aAquatic toxicology and environmental fate, eleventh volume 210 31$a[Place of publication not identified]$cASTM$d1988 300 $aBibliographic Level Mode of Issuance: Monograph 311 $a0-8031-1180-0 517 $aAquatic Toxicology and Environmental Fate 606 $aEnvironmental Pollutants 606 $aEnvironmental Pollution 606 $aPublic Health Practice 606 $aEnvironmental Exposure 606 $aPublic Health 606 $aToxic Actions 606 $aEnvironment and Public Health 606 $aChemical Actions and Uses 606 $aDelivery of Health Care 606 $aWater Pollution 606 $aEnvironmental Monitoring 606 $aWater Pollutants 615 2$aEnvironmental Pollutants. 615 2$aEnvironmental Pollution. 615 2$aPublic Health Practice. 615 2$aEnvironmental Exposure. 615 2$aPublic Health. 615 2$aToxic Actions. 615 2$aEnvironment and Public Health. 615 2$aChemical Actions and Uses. 615 2$aDelivery of Health Care. 615 2$aWater Pollution. 615 2$aEnvironmental Monitoring. 615 2$aWater Pollutants. 702 $aSuter$b Glenn W.$cII, 702 $aLewis$b Michael A. 712 02$aASTM Committee E-47 on Biological Effects and Environmental Fate, 801 0$bPQKB 906 $aBOOK 912 $a9910164317303321 996 $aAquatic toxicology and environmental fate, eleventh volume$92040168 997 $aUNINA